000 01154nam a22002777a 4500
001 113427
003 DR-UNIBE
005 20250409150107.0
008 250409b2024 dr ||||| |||| 00| 1 spa d
020 _a9789945223408
040 _aBIBLIOTECA UNIBE
_bspa
_cBIBLIOTECA UNIBE
_erda
041 _aspa
090 _aFBIU-EB PI R175u
100 1 0 _aRamos Miranda, Evelyn
_9194067
_eautor
245 1 4 _a1, 2, 3 lindas poesías para ti /
_cEvelyn Ramos Miranda; corrección de estilo: Elena Ramos; ilustraciones, diagramación y cubierta: Frank Figueroa Malvar; colaboración: Venus Arthemys Azul Ramos Ureña
250 _aPrimera edición
260 _aSanto Domingo :
_bEditora Búho,
_c2024
300 _a39 páginas :
_bilustraciones a color ;
_c28 x 21 cm
500 _aComentario de la obra en la contraportada
653 7 _aPoesias infantiles dominicanas
653 7 _aLiteratura infantil dominicana
700 1 0 _aRamos, Elena
_9194068
_ecorrector de estilo
700 1 0 _aFigueroa Malvar, Frank
_9194069
_eilustrador
_ediseñador de cubierta
_ediagramador
700 0 _aUreña Ramos, Venus Arthemys Azul
_9194072
_ecolaborador
942 _2ddc
_cBK
999 _c113427
_d113427